[Event "NED-ch U14 Girls"]
[Site "Almelo"]
[Date "2022.05.05"]
[Round "5"]
[White "Verbunt, Lisa"]
[Black "Kulikova, Polina"]
[Result "0-1"]
[WhiteElo "807"]
[BlackElo "1117"]
[PlyCount "64"]
[EventDate "2022.05.01"]
[EventType "swiss"]
[EventRounds "9"]
[EventCountry "NED"]
[SourceTitle "EXT 2023"]
[Source "ChessBase"]
[SourceDate "2022.10.05"]
[SourceVersion "1"]
[SourceVersionDate "2022.10.05"]
[SourceQuality "1"]

1. e4 c6 2. d4 d5 3. e5 c5 4. c3 Nc6 5. Nf3 Bg4 6. Be2 e6 7. 0-0 Nge7 8. Be3 Nf5 9. h3 Bxf3 10. Bxf3 cxd4 11. cxd4 Qb6 12. Qa4 Qxb2 13. Nd2 Nxe3 14. fxe3 Qxd2 15. Rfe1 Qa5 16. Qb3 Rb8 17. Rec1 Qa3 18. Be2 Qxb3 19. axb3 a6 20. Ra4 Kd7 21. Rb1 Bb4 22. Bf3 Be7 23. e4 dxe4 24. Bxe4 g6 25. Rc1 Rhc8 26. d5 exd5 27. Bxd5 Nxe5 28. Rd1 Ke8 29. Re4 Nc6 30. Rf1 f5 31. Re3 Kf8 32. Rfe1 Bc5 0-1

[Event "NED-ch U14 Girls"]
[Site "Almelo"]
[Date "2022.05.02"]
[Round "2"]
[White "Feng, Elysia"]
[Black "Verbunt, Lisa"]
[Result "1-0"]
[WhiteElo "1641"]
[BlackElo "807"]
[PlyCount "25"]
[EventDate "2022.05.01"]
[EventType "swiss"]
[EventRounds "9"]
[EventCountry "NED"]
[SourceTitle "EXT 2023"]
[Source "ChessBase"]
[SourceDate "2022.10.05"]
[SourceVersion "1"]
[SourceVersionDate "2022.10.05"]
[SourceQuality "1"]

1. e4 e6 2. d4 d5 3. e5 c5 4. c3 Nc6 5. Nf3 Qb6 6. Bd3 cxd4 7. cxd4 Bd7 8. 0-0 Nxd4 9. Nxd4 Qxd4 10. Nc3 Ne7 11. Nb5 Qb6 12. Be3 Qd8 13. Nd6# 1-0